00648 2200241 4500001002100000005001700021008004100038020001700079035002400096082001500120090002500135100002200160245007600182260002800258300002700286650001100313650001800324850001500342980001300357985000600370999001500376999001500391YOGYA-0209000003355720090227024808.0 ind  a979-553-62-X 0010-020900000033557 a305.908 29 a305.908 29bSus AlT aSUSANTI H., Esthi aAnak saya jeniusbkumpulan masalah orang tua dan anakcEsthi Susanthi H aJakartabGrasindoc1992 ax, 97 hlmbilusc23 cm aGenius aAnak berbakat aYOPDYOG(B) a07-09-06 a2 a98P0112498 a98P0112497